Ξενοδοχειακή οικονομική
Αποθηκεύτηκε σε:
| Κύριος συγγραφέας: | |
|---|---|
| Μορφή: | Βιβλίο |
| Γλώσσα: | Greek |
| Δημοσίευση: |
Αθήνα :
Παπαζήσης,
|
| Θέματα: | |
| Ετικέτες: |
Προσθήκη ετικέτας
Δεν υπάρχουν, Καταχωρήστε ετικέτα πρώτοι!
|
MARC
| LEADER | 00000nam a2200000 i 4500 | ||
|---|---|---|---|
| 001 | 1/44147 | ||
| 008 | 950330 gre d | ||
| 035 | |l 10025913 | ||
| 040 | |a GR-MY-UA |b |e aacr | ||
| 041 | 0 | |a gre | |
| 082 | 0 | |a 647.94 | |
| 100 | 1 | |a Γεωργιάδης, Μάριος Σπ. | |
| 245 | 1 | 0 | |a Ξενοδοχειακή οικονομική / |c Μάριου Ε. Γεωργιάδη |
| 260 | |a Αθήνα : |b Παπαζήσης, | ||
| 300 | |a IV, 248 σ. | ||
| 650 | 0 | 0 | |a Hospitality industry. |
| 852 | |a INST |b CHIOS |e 19960219 |h 647.94 ΓΕΩ |p 005200000936 |q 005200000936 |t BK |y 0 | ||
| 852 | |a INST |b CHIOS |e 19950330 |h 647.94 ΓΕΩ |p 005200002081 |q 005200002081 |t BK |y 0 | ||
| 909 | |a Χ |b 003653 | ||